BIBLIOTHÈQUE DE LA MAISON DU MEXIQUE

Logo 1 Logo 2

Las voces olvidadas (notice nᵒ 68)

détails MARC
000 -Sello discográfico
campo de control de longitud fija 01285nam a2200337 4500
005 - Identificación de versión
campo de control 20251016081914.0
010 ## - Número Estándar Internacional de Libros (ISBN)
Número (ISBN) 968-120-484-0
035 ## - Otros números de control del sistema
Número de control del sistema 18440
099 ## - fechas locales
Tipo de ítem Koha LIBRO
100 ## - Datos de procesamiento general
Datos de procesamiento general 19930801d1991 m y1spay5003 ba
105 ## - Campo de datos codificados: Material textual, monográfico
Datos codificados de monografía y 001zy
200 1# - Título y mención de responsabilidad
Título propio Las voces olvidadas
Designación general del material texto impreso
Otra información del título antología crítica de narradoras mexicanas nacidas en el siglo XIX
Primer mención de responsabilidad Edición Ana Rosa Domenella y Nora Pasternac
205 ## - Declaración de edición
Declaración de edición 1a ed
210 ## - Publicación, distribución, etc.
Lugar de publicación, distribución, etc. México
Nombre del editor, distribuidor, etc. El Colegio de México, Programa Interdisciplinario de Estudios de la Mujer
Fecha de publicación, distribución, etc. 1991
215 ## - Descripción física
Designación de material específico y extensión del ítem 451 p
Dimensiones 21 cm
300 ## - Notas generales
Texto de la nota Taller de Teoría y Crítica Literaria "Diana Morán" - Coyoacán
345 ## - Nota de información de adquisición
Fuente de adquisición/dirección de la suscripción [OBSOLETO] Donación
606 ## - Término temático usado como materia
Elemento de entrada Autoras mexicanas
Subdivisión temática Crítica e interpretación
Subdivisión cronológica Siglo XIX
Número Koha 245
606 ## - Término temático usado como materia
Elemento de entrada Literatura mexicana
Subdivisión cronológica Siglo XIX
Subdivisión temática Historia y crítica
Número Koha 246
606 ## - Término temático usado como materia
Elemento de entrada Mujeres y literatura
Subdivisión geográfica México
Subdivisión cronológica Siglo XIX
Número Koha 247
660 ## - Código de área geográfica
Código MX
702 ## - Nombre personal - Responsabilidad secundaria
Elemento de entrada Domenella
Parte del nombre distinta del elemento de entrada Ana Rosa
Fechas 1944-
Número Koha 248
702 ## - Nombre personal - Responsabilidad secundaria
Elemento de entrada Rosenfeld Slobinsky de Pasternac
Parte del nombre distinta del elemento de entrada Nora
Número Koha 249
801 #0 - Fuente de origen
Agencia cm
900 ## -
-- 1/10381
900 ## -
-- 710936051\\010893
942 ## - ELEMENTOS DE ENTRADA SECUNDARIOS (KOHA)
Tipo de ítem Koha Livre
996 ## -
-- MEX
-- 751145101
-- MMAG
-- 001737
-- 860.2 V872
-- 20191119LIV
Exemplaires
Estatus retirado Estado de daño Estado de pérdida Fecha de adquisición Biblioteca de origen Biblioteca actual Ubicación en estantería Código de barras Precio de reemplazo Signatura topográfica completa No para préstamo Tipo de ítem Koha Nota pública Nota no pública
      05/08/2025 Casa México Paris Casa México Paris   001737 05/08/2025 860.2 V872   Livre 20191119LIV 751145101